Инвестиционный менеджмент Учебно-методическая литература
Данное учебно-методическое пособие предназначено для студентов всех форм обучения по специальности "Менеджмент организации" и направлению "Менеджмент" и может быть использовано при изучении дисциплин "Инвестиционная стратегия" "Инвестиции" студентами обучающим...
Gardado en:
| Autor Principal: | |
|---|---|
| Formato: | Учебно-методическая литература |
| Edición: | 1 |
| Acceso en liña: | https://znanium.com/catalog/document?id=32255 https://znanium.com/cover/0447/447384.jpg |
| Метки: |
Engadir etiqueta
Sen Etiquetas, Sexa o primeiro en etiquetar este rexistro!
|
| LEADER | 02924nam0a2200289 i 4500 | ||
|---|---|---|---|
| 001 | RU\infra-m\znanium\bibl\447384 | ||
| 003 | https://znanium.com/catalog/document?id=32255 | ||
| 005 | 20200428000000.0 | ||
| 100 | |a 20200428d2013 m y0rusy0150 ca | ||
| 101 | 0 | |a rus | |
| 102 | |a RU | ||
| 200 | 1 | |a Инвестиционный менеджмент |e Учебно-методическая литература |f Белорусский государственный аграрный технический университет | |
| 205 | |a 1 | ||
| 215 | |a 26 с. | ||
| 330 | |a Данное учебно-методическое пособие предназначено для студентов всех форм обучения по специальности "Менеджмент организации" и направлению "Менеджмент" и может быть использовано при изучении дисциплин "Инвестиционная стратегия" "Инвестиции" студентами обучающимися по специальности "Финансы и кредит" и направлению "Экономика". Пособие по курсу "Инвестиционный менеджмент" составлено в соответствии с федеральным государственным образовательным стандартом высшего профессионального образования по направлению подготовки "Менеджмент" примерной программой учебной дисциплины учебным планом НОУ "ИНЭП" по специальности "Менеджмент организации" и направлению "Менеджмент" с "Положением о составлении рабочей программы учебной дисциплины в Орехово-Зуевском филиале НОУ "ИНЭП". | ||
| 333 | |a ВО - Бакалавриат | ||
| 606 | |a Экономика. Бухгалтерский учет. Финансы |x Инвестиции |2 local | ||
| 608 | |a Учебно-методическая литература |2 local | ||
| 675 | |a 336 |z rus | ||
| 675 | |a 650 |z rus | ||
| 686 | |a 6526 |2 rubbk | ||
| 686 | |a 38.03.01 |2 okso | ||
| 686 | |a 38.03.02 |2 okso | ||
| 700 | 1 | |a Жаркова |b Н.Н. |g Наталья Николаевна |p Белорусский государственный аграрный технический университет | |
| 801 | 0 | |a RU |b Общество с ограниченной ответственностью «ЗНАНИУМ» |c 20131118 |2 rusmarc | |
| 856 | 4 | |a znanium.com |m ebs_support@infra-m.ru |n НИЦ ИНФРА-М |u https://znanium.com/catalog/document?id=32255 | |
| 856 | 4 | 1 | |a znanium.com |d /cover/0447 |f 447384.jpg |q image/jpeg |u https://znanium.com/cover/0447/447384.jpg |